Деловые коммуникации: учебник для бакалавров

Библиографические подробности
Главный автор: Коноваленко М. Ю. Марина Юрьевна
Автор-организация: Российский государственный торгово-экономический университет (РГТЭУ)
Другие авторы: Коноваленко В. А. Валерий Адольфович
Примечания:Учебник составлен в соответствии с требованиями Федерального государственного образовательного стандарта высшего профессионального образования третьего поколения и с учетом потребностей рынка труда. Культура деловой коммуникации спобствует установлению и развитию эффективных деловых связей и доверительного партнерства между людьми. Управление процессами делового взаимодействия и выстраивание эффективных рабочих контактов внутри компании — одни из очень важных инструментов развития и процветания бизнеса.
Язык:русский
Опубликовано: Москва, Юрайт, 2013
Серии:Бакалавр. Базовый курс
Предметы:
Формат: Книга
Запись в KOHA:https://koha.lib.tpu.ru/cgi-bin/koha/opac-detail.pl?biblionumber=221208

MARC

LEADER 00000nam0a2200000 4500
001 221208
005 20231101230402.0
010 |a 9785991621793 
035 |a (RuTPU)RU\TPU\book\241352 
090 |a 221208 
100 |a 20120907d2013 m y0rusy50 ca 
101 0 |a rus 
102 |a RU 
105 |a y j 001zy 
200 1 |a Деловые коммуникации  |e учебник для бакалавров  |f М. Ю. Коноваленко, В. А. Коноваленко  |g Российский государственный торгово-экономический университет (РГТЭУ) 
210 |a Москва  |c Юрайт  |d 2013 
215 |a 468 с. 
225 1 |a Бакалавр. Базовый курс 
320 |a Библиогр.: с. 467-468. 
330 |a Учебник составлен в соответствии с требованиями Федерального государственного образовательного стандарта высшего профессионального образования третьего поколения и с учетом потребностей рынка труда. Культура деловой коммуникации спобствует установлению и развитию эффективных деловых связей и доверительного партнерства между людьми. Управление процессами делового взаимодействия и выстраивание эффективных рабочих контактов внутри компании — одни из очень важных инструментов развития и процветания бизнеса. 
606 1 |a Деловое общение  |x Психология  |2 stltpush  |3 (RuTPU)RU\TPU\subj\38805  |9 59088 
610 1 |a деловые коммуникации 
610 1 |a межличностные коммуникации 
610 1 |a вербальные коммуникации 
610 1 |a невербальные коммуникации 
610 1 |a коммуникативная компетентность 
610 1 |a конфликтные ситуации 
610 1 |a бизнес-коммуникации 
610 1 |a искажения 
610 1 |a информация 
610 1 |a профессиональные коммуникации 
610 1 |a деловая культура 
610 1 |a рекламные коммуникации 
610 1 |a этикет 
610 1 |a информационные технологии 
610 1 |a национальные особенности 
610 1 |a внутрикорпоративный PR 
610 1 |a общение 
610 1 |a переговоры 
610 1 |a учебники 
686 |a Ю953я73  |v LBC/SL-A  |2 rubbk 
700 1 |a Коноваленко  |b М. Ю.  |g Марина Юрьевна 
701 1 |a Коноваленко  |b В. А.  |g Валерий Адольфович 
712 0 2 |a Российский государственный торгово-экономический университет (РГТЭУ)  |c (Москва)  |2 stltpush  |3 (RuTPU)RU\TPU\col\5401 
801 1 |a RU  |b 63413507  |c 20120907 
801 2 |a RU  |b 63413507  |c 20150618  |g RCR 
900 |a Деловые и общественные отношения 
942 |c BK 
952 |b 080100 
959 |a 111/20120907  |d 2  |e 279,00  |f ЧЗГЛ:1  |f АНЛ:1